| 000 | 00806nam a22001815i 4500 | ||
|---|---|---|---|
| 001 | 162240 | ||
| 003 | ES-MaACL | ||
| 005 | 20230906212447.0 | ||
| 008 | 990713s1880 sp c |||| | spa d | ||
| 040 |
_aCCPB | B _bspa _cCCPB | B |
||
| 100 | 1 |
_aPlanell y Argüelles, Carlos. _9131208 |
|
| 245 | 1 | 0 |
_aRecuerdos de Carlos Planell y Argüelles _b: que dedican á su familia y amigos en el segundo aniversario de su fallecimiento sus inconsolables padres : 20 de julio. |
| 260 |
_aMadrid : _b[s.n.], _c1880 ( _fEstab. Tip. de M.P. Montoya) |
||
| 300 |
_aXXII, 159, [5] p., [1] h. de fot. ; _c23 cm. |
||
| 510 | 4 |
_aPalau, _ct. XIII, 228385 |
|
| 599 | _aLa h. de fot. es un retrato de Carlos Planell. | ||
| 852 |
_aES-MaACL _jT-702-F-6 _z-- Enc. hol. conservando la cub. original _z-- Enc. en un vol. facticio |
||
| 999 |
_c162240 _d162240 |
||